000 00550nam a2200181 4500
003 SEACOMMC
005 20250430154101.0
008 250121b |||||||| |||| 00| 0 eng d
020 _a 1-845-4100-41
_cRs.395.00
040 _aSEACOMMC
082 _a 363.738741
_bH 174
100 _a Hall, Colin Michael
245 1 _aTourism, Recreation, and Climate Change /
_cedited by C. Michael Hall and James Higham
260 _a Kolkata
_b Viva-Books
_c2006
440 _aAspects of Tourism,22
650 _aTourism -- Environmental aspects
942 _cBOOK
999 _c1021
_d1021